000 00540nam a22001697a 4500
999 _c80897
_d80897
008 201130b ||||| |||| 00| 0 eng d
040 _bger
_cDE-2950
_erda
_aDE-2950
041 _ager
245 _aTestangebot an der Stadtbrücke.
653 _aFrankfurt (Oder)
653 _aPandemie / Corona
773 _dFrankfurt (Oder): Märkisches Verlags- und Druckhaus GmbH & Co KG
_g32. Jahrgang (2021) Nr. 76 vom 01.04.2021, S. 13
_tMärkische Oderzeitung
942 _cA